000 00328nam a22001337a 4500
008 171031b xxu||||| |||| 00| 0 eng d
020 _a9780763749330
041 _aeng
080 _a330.113
100 _a58
101 _aBUS
245 _aNURSE PRACTITIONER'S BUSINESS PRACTICE AND LEGAL GUIDE
_cBUPPERT, C
942 _2udc
_cBK
999 _c36802
_d36802